[Event "Antwerp World Uni op (Women)"]
[Site "Antwerp"]
[Date "2022.09.17"]
[Round "9"]
[White "Nansubuga, Gloria"]
[Black "Saayman, Anais"]
[Result "0-1"]
[WhiteElo "1531"]
[BlackElo "1229"]
[PlyCount "94"]
[EventDate "2022.09.12"]
[EventType "swiss"]
[EventRounds "9"]
[EventCountry "BEL"]
[SourceTitle "CBM 210 Extra"]
[Source "ChessBase"]
[SourceDate "2022.11.30"]
[SourceVersion "1"]
[SourceVersionDate "2022.11.30"]
[SourceQuality "1"]

1. e4 d5 2. exd5 Qxd5 3. Nc3 Qd6 4. d4 Nf6 5. Nf3 c6 6. Bd3 Bg4 7. h3 Bxf3 8. Qxf3 Qxd4 9. Be3 Qb4 10. Rb1 e6 11. Bd2 Qd6 12. 0-0 Be7 13. Rfe1 0-0 14. Bf4 Qd8 15. Rbd1 Qc8 16. Ne4 Nbd7 17. Bc4 Nxe4 18. Qxe4 Nf6 19. Qf3 Rd8 20. Bd3 g6 21. Be5 Nd7 22. Bc3 Nc5 23. a3 Nxd3 24. Rxd3 Rxd3 25. Qxd3 Qd8 26. Qe3 Bf6 27. Be5 Bxe5 28. Qxe5 Qd2 29. Re2 Qd1+ 30. Kh2 Rd8 31. Qe3 Qd6+ 32. Kg1 Qd4 33. c3 Qxe3 34. fxe3 Kg7 35. Kf2 h6 36. Kf3 f5 37. g3 Kf6 38. Rf2 Ke5 39. Ke2 g5 40. Rf1 Ke4 41. g4 Rd3 42. gxf5 Rxe3+ 43. Kd2 exf5 44. Rxf5 Rd3+ 45. Kc2 Kxf5 46. Kxd3 Kf4 47. Ke2 Kg3 0-1

[Event "RSA-ch U16 Girls"]
[Site "Gauteng"]
[Date "2017.04.09"]
[Round "8"]
[White "Vuso, Hlomisa"]
[Black "Saayman, Anais"]
[Result "1-0"]
[WhiteElo "1296"]
[BlackElo "1256"]
[PlyCount "53"]
[EventDate "2017.04.05"]
[EventType "swiss"]
[EventRounds "11"]
[EventCountry "RSA"]
[SourceTitle "CBM 177 Extra"]
[Source "ChessBase"]
[SourceDate "2017.04.27"]
[SourceVersion "1"]
[SourceVersionDate "2017.04.27"]
[SourceQuality "1"]

1. d4 d5 2. Nf3 c6 3. e3 e6 4. Bd3 Bd6 5. 0-0 f5 6. c4 Nf6 7. cxd5 exd5 8. Qc2 Ne4 9. Ne5 0-0 10. f3 Ng5 11. f4 Ne4 12. Nd2 Rf6 13. Ndf3 Rh6 14. a3 Nd7 15. b4 Nxe5 16. dxe5 Be7 17. Bb2 Be6 18. Nd4 Qe8 19. Rf3 Qg6 20. Bxe4 dxe4 21. Rg3 Qf7 22. Nxe6 Rxe6 23. Rd1 Rd8 24. Rxd8+ Bxd8 25. Bd4 a6 26. Bc5 Bh4 27. Rh3 1-0

[Event "RSA-ch U16 Girls"]
[Site "Gauteng"]
[Date "2017.04.07"]
[Round "5"]
[White "Saayman, Anais"]
[Black "Smith, Elani"]
[Result "0-1"]
[WhiteElo "1256"]
[BlackElo "1392"]
[PlyCount "82"]
[EventDate "2017.04.05"]
[EventType "swiss"]
[EventRounds "11"]
[EventCountry "RSA"]
[SourceTitle "CBM 177 Extra"]
[Source "ChessBase"]
[SourceDate "2017.04.27"]
[SourceVersion "1"]
[SourceVersionDate "2017.04.27"]
[SourceQuality "1"]

1. e4 c5 2. Nc3 g6 3. Nf3 Bg7 4. d4 cxd4 5. Nxd4 Nc6 6. Be3 Nf6 7. f3 0-0 8. Qd2 d5 9. Nb3 dxe4 10. Qxd8 Rxd8 11. fxe4 b6 12. Bd3 Bb7 13. 0-0-0 Ne5 14. Be2 Nxe4 15. Nxe4 Bxe4 16. Rxd8+ Rxd8 17. Rg1 Rc8 18. c3 Rd8 19. Bg5 Rd5 20. Nd2 Bd3 21. Bxd3 Nxd3+ 22. Kc2 Rxg5 23. Kxd3 Bh6 24. Nf3 Rd5+ 25. Kc2 e5 26. Rd1 Rxd1 27. Kxd1 e4 28. Nd2 Bxd2 29. Kxd2 f5 30. Ke3 Kf7 31. h3 Ke6 32. Kd4 Kd6 33. a4 a6 34. c4 a5 35. b3 h6 36. g3 h5 37. h4 Ke6 38. b4 axb4 39. c5 bxc5+ 40. Kc4 e3 41. Kd3 b3 0-1

[Event "RSA-ch U14 Girls"]
[Site "Waterkloof"]
[Date "2015.04.07"]
[Round "6"]
[White "Emanuel, Prithee"]
[Black "Saayman, Anais"]
[Result "0-1"]
[WhiteElo "1090"]
[BlackElo "1082"]
[PlyCount "64"]
[EventDate "2015.04.04"]
[EventType "swiss"]
[EventRounds "9"]
[EventCountry "RSA"]
[SourceTitle "CBM 166 Extra"]
[Source "ChessBase"]
[SourceDate "2015.06.18"]
[SourceVersion "1"]
[SourceVersionDate "2015.06.18"]
[SourceQuality "1"]

1. e4 e5 2. Nf3 Nc6 3. d4 exd4 4. Bc4 h6 5. 0-0 Bc5 6. c3 dxc3 7. Bxf7+ Kf8 8. Nxc3 d6 9. Qd5 Nf6 10. Qc4 Qe7 11. Bg6 Be6 12. Qe2 a6 13. Nh4 Ng4 14. Qf3+ Kg8 15. Bh5 Qxh4 16. Bxg4 Qxg4 17. Qd3 Ne5 18. Qc2 Qg6 19. Rd1 Bh3 20. g3 Nf3+ 21. Kh1 Qh5 22. Bf4 Nxh2 23. Kxh2 Bg4+ 24. Kg1 Bxd1 25. Rxd1 Rf8 26. Qb3+ Kh7 27. Ne2 Qxe2 28. Qe6 Qxd1+ 29. Kg2 Qe2 30. Qe7 Qxf2+ 31. Kh3 Qf1+ 32. Kh2 Qg1+ 0-1

[Event "RSA-ch U14 Girls"]
[Site "Waterkloof"]
[Date "2015.04.06"]
[Round "4"]
[White "Saayman, Anais"]
[Black "Kettledas, Danielle"]
[Result "0-1"]
[WhiteElo "1082"]
[BlackElo "1033"]
[PlyCount "106"]
[EventDate "2015.04.04"]
[EventType "swiss"]
[EventRounds "9"]
[EventCountry "RSA"]
[SourceTitle "CBM 166 Extra"]
[Source "ChessBase"]
[SourceDate "2015.06.18"]
[SourceVersion "1"]
[SourceVersionDate "2015.06.18"]
[SourceQuality "1"]

1. e4 c5 2. d4 cxd4 3. c3 d3 4. Bxd3 Nc6 5. Nf3 e6 6. Be3 Qc7 7. 0-0 Bd6 8. Nbd2 Nf6 9. h3 b6 10. Bd4 Bf4 11. Bxf6 gxf6 12. Re1 Rg8 13. e5 Nxe5 14. Bxh7 Rg7 15. Be4 d5 16. Bc2 Bd7 17. Kh1 0-0-0 18. Nxe5 Bxe5 19. Nf3 Bf4 20. Qd4 Rdg8 21. Rg1 e5 22. Qxd5 Bc6 23. Bf5+ Kb8 24. Qd3 Re8 25. Rad1 e4 26. Bxe4 Bxe4 27. Qd7 Qxd7 28. Rxd7 Bxf3 29. gxf3 Rxg1+ 30. Kxg1 Re1+ 31. Kg2 Re2 32. Rxf7 Rxb2 33. Rxf6 Bc7 34. h4 Rxa2 35. h5 Ra5 36. h6 Rh5 37. f4 Rh4 38. Kg3 Rh1 39. Kg4 a5 40. f5 a4 41. Rf8+ Kb7 42. Re8 Rxh6 43. Kg5 Rh3 44. f6 Rf3 45. Kg6 a3 46. f7 a2 47. Re1 Rxf2 48. Ra1 Be5 49. Rc1 Bxc3 50. Rc2 a1Q 51. Rxf2 Qg1+ 52. Kh7 Qxf2 53. Kg8 Qxf7+ 0-1